000 00867nam a22001937a 4500
999 _c60795
_d60795
005 20231023165113.0
008 231023s1983 ru ||||| |||| 00| 0 rus d
041 _arus
080 _a323.329(38)+94(38) Б-68
100 _aБлаватская, Т. В.
_920189
245 _aИз истории греческой интеллигенции эллинистического времени /
_c Т.В. Блаватская ; Академия наук СССР, Институт всеобщей истории.
264 _aМосква :
_bНаука,
_c1983.
300 _a325 с. :
_b ил. ;
_c21 см.
521 _aტერმინთა ლექსიკონი: გვ. 323-324.
653 _aინტელიგენცია
653 _aძველი საბერძნეთი
653 _aისტორია
942 _2udc
_cBK